Vegetables as medicine : A safe and cheap form of traditional Chinese food therapy

Bibliographic Details
Main Author: CHANG
Other Authors: Cao, Edwards, Li
Format: Book
Published: Subang Jaya, Selangor : Pelanduk Pub. , 1999
Subjects:

MARC

LEADER 00000cam a2200000 7i4500
001 0000000087
005 20000717.0
020 0 0 |a 9679786307 
090 0 0 |a 615.32   |b CHA 1999 
100 1 0 |a CHANG   |h Chao-liang 
245 1 0 |a Vegetables as medicine :   |b A safe and cheap form of traditional Chinese food therapy   |c Chang Chao-liang, Cao Qing-rong @ Li Bao-zhen; traslated by Ron Edwards @ Gong Zhi-mei 
260 0 0 |a Subang Jaya, Selangor :   |b Pelanduk Pub. ,   |c 1999 
300 |a 128 p. :   |b ill. ;   |c 23 cm. 
500 0 0 |a Includes index 
650 0 0 |a Materia medica, Vegetable   |z China 
650 0 0 |a Vegetables   |x Therapeutic use   |z China 
700 0 1 |a Cao   |h Qing-rong 
700 0 1 |a Edwards   |h Ron 
700 0 1 |a Li   |h Bao-zhen 
999 |a 0000001071   |b Monograph   |c Open Shelf   |e Default branch